000 00450pab a2200181 454500
008 180718b2009 xxu||||| |||| 00| 0 eng d
100 _aPawan Kumar
245 _aPolicy oriented approach for multi modal transport system: challenges ahead
260 _c2009
300 _ap.101-19.
362 _aJan-Jun
650 _aTransport
700 _aParida, M.
700 _aKulkarni, S.Y.
773 _aUrban India
908 _aN
909 _a85449
999 _c85449
_d85449